Catálogo
 En Linea

Literaturas regionales en España : (Registro nro. 4514)

Detalles MARC
000 -CABECERA
campo de control de longitud fija 01702cam a2200253 a 4500
001 - NÚMERO DE CONTROL
campo de control 000004708
005 - FECHA Y HORA DE LA ÚLTIMA TRANSACCIÓN
campo de control 20200929151504.0
008 - DATOS DE LONGITUD FIJA--INFORMACIÓN GENERAL
campo de control de longitud fija 950615s1994 sp s000 0 spa
020 ## - NÚMERO INTERNACIONAL ESTÁNDAR DEL LIBRO
Número Internacional Estándar del Libro 8478202048
040 ## - FUENTE DE LA CATALOGACIÓN
Centro catalogador/agencia de origen DO-SdBNP
Centro/agencia transcriptor DLC
082 ## - NÚMERO DE LA CLASIFICACIÓN DECIMAL DEWEY
Número de clasificación 860.09
Número de documento/Ítem L776r
245 00 - MENCIÓN DE TÍTULO
Título Literaturas regionales en España :
Resto del título historia y crítica /
Mención de responsabilidad, etc. edición al cuidado de José Ma. Enguita y José-Carlos Mainer.
260 ## - PUBLICACIÓN, DISTRIBUCIÓN, ETC.
Lugar de publicación, distribución, etc. Zaragoza :
Nombre del editor, distribuidor, etc. Institución "Fernando el Católico,
Fecha de publicación, distribución, etc. 1994.
300 ## - DESCRIPCIÓN FÍSICA
Extensión 181 p. ;
Dimensiones 24 cm.
490 1# - MENCIÓN DE SERIE
Mención de serie Publicación de la Institución "Fernando el Católico"
Designación de volumen o secuencia no. 1632
504 ## - NOTA DE BIBLIOGRAFÍA, ETC.
Nota de bibliografía, etc. Incluye referencias bibliográficas
505 0# - NOTA DE CONTENIDO CON FORMATO
Nota de contenido con formato Literatura nacional y literaturas regionales / José-Carlos Mainer -- La invención de la literatura española / José-Carlos Mainer -- Lengua y dialécto en la literatura regional : el caso bilbaino / Jon Juaristi -- Españolidad, regionalismo y autoctonía en la literatura : la identidad asturiana / Alvaro Ruiz de la Peña -- Andalucía como imagen literaria / Luis García Montero -- Literatura e historia : el caso de Canarias / Andres Sánchez Robayna -- Construir una literatura regional / Francisco Javier Diéz de Revenga -- "Los postes y el tendido" : realidades y propósitos de la cultura literaria en Extremadura / Gregorio Torres Nebrera -- Los dias y los trabajos / José Manuel Blecua.
650 #4 - PUNTO DE ACCESO ADICIONAL DE MATERIA--TÉRMINO DE MATERIA
Término de materia o nombre geográfico como elemento de entrada Literatura española
Subdivisión general Historia y crítica
9 (RLIN) 3904
650 #4 - PUNTO DE ACCESO ADICIONAL DE MATERIA--TÉRMINO DE MATERIA
Término de materia o nombre geográfico como elemento de entrada Literatura y sociedad
9 (RLIN) 8111
700 1# - PUNTO DE ACCESO ADICIONAL--NOMBRE DE PERSONA
Nombre de persona Enguita Utrilla, José María,
Forma completa/desarrollada del nombre (José María)
9 (RLIN) 13714
700 1# - PUNTO DE ACCESO ADICIONAL--NOMBRE DE PERSONA
Nombre de persona Mainer, José-Carlos.
9 (RLIN) 13715
830 #0 - PUNTO DE ACCESO ADICIONAL DE SERIE-TÍTULO UNIFORME
Título uniforme Publicación de la Institución "Fernando el Católico" ;
Designación de volumen o secuencia no. 1632.
9 (RLIN) 13716
910 ## - DATOS DE OPCIÓN DEL USUARIO (OCLC)
Datos de opción del usuario Catalogación por copia / LC
Existencias
Estado de retiro Estado de pérdida Restricciones de uso No para préstamo Código de colección Localización permanente Ubicación/localización actual Ubicación en estantería Fecha de adquisición Número de inventario Total de préstamos Signatura topográfica completa Código de barras Fecha visto por última vez Precio válido a partir de Tipo de ítem Koha
    Préstamo interno   Monografías: Libros y Folletos General General En catalogación 24.07.2009 LF1   860.09 L776r 4708-10 25.06.2020 25.06.2020 Préstamo interno

Con tecnología Koha